Harry Potter - N - Statistiques

Statistiques générales
  • Ce quiz a été pris 121 fois
  • Le résultat moyen est 7 sur 13
Statistiques - réponses
Description Réponse % Correct
Serpent de Voldemort tué par cet élève Nagini
97%
Mère de Drago Narcissa Malefoy
91%
Élève de Gryffondor doué en botanique Neville Londubat
91%
Fantôme de Gryffondor Nick quasi-sans-tête
83%
Dragon adopté par Hagrid Norbert
72%
Elle préfère être appelé par son nom de famille Nymphadora Tonks
62%
Sort servant à annuler lumos Nox
58%
Créateur de la pierre philosophale Nicholas Flamel
55%
Race de ce dragon Norvégien à crète
40%
Créature sortie de l'imagination des Lovegood Nargole
29%
Bois avec lequel est faite sa baguette Noyer
25%
Bois avec lequel est faite la baguette de Trelawney Noisetier
17%
Actrice la jouant au cinéma Natalia Tena
10%
Aucun quiz correspondant
Distribution des résultats
% des personnes avec chaque résultat
Percentile par nombre de réponses
Votre historique - résultats
Vous n’avez pas pris ce quiz